| 000 | 02781cam a22005414i 4500 | ||
|---|---|---|---|
| 003 | PE-LiUPU | ||
| 005 | 20250731180144.0 | ||
| 008 | 150706s r 000 0 d | ||
| 020 | _a9786124512780 | ||
| 035 | _a(Sirsi) i9786124512780 | ||
| 040 |
_aPE-LiUPU _bspa _cPE-LiUPU _erda |
||
| 049 | _aPRUA | ||
| 082 | 0 | 4 |
_a574.9298536 _bG78 _221 |
| 100 | 1 |
_aGoyzueta Camacho, Gilmar, _eautor. |
|
| 245 | 1 | 0 |
_aTotorales del Lago Titicaca : _bimportancia, conservación y gestión ambiental / _cGilmar Goyzueta Camacho, René Alfaro Tapia Martha Aparicio Saavedra. |
| 264 | 1 |
_aPuno, Perú : _bUniversidad Nacional del Altiplano de Puno, _c2009. |
|
| 300 |
_a325 páginas : _bilustraciones a color ; _c30 centímetros |
||
| 336 |
_atext _2rdacontent |
||
| 337 |
_aunmediated _2rdamedia |
||
| 338 |
_avolume _2rdacarrier |
||
| 505 | 0 | _aEl Lago Titicaca y el desarrollo biológico de Schoenoplectus tatora "TOTORA" -- Generalidades -- Origen del Lago Titicaca -- Datos de interés sobre el Lago Titicaca -- Aspectos generales de Schoenoplectus tatora "totora" -- Origen de la totora -- Ubicación sistemática -- Características morfológicas de la totora -- Hábitat y relaciones -- Composición química de Schoenoplecus tatora "totora" -- Importancia biológica en el uso de la totora -- Los totorales como ecosistema y hábitat -- Totorales para fines de subsistencia alimentaria -- Totora en el tratamiento de aguas servidas, alternativa a la contaminación de la Bahía interior de Puno -- Desarrollo de tecnologías alternativas -- Valoración e importancia socioeconómica de los totorales -- Gestión ambiental y manejo de totorales -- Alternativas y lineamientos de uso, manejo y conservación de recursos naturales en el Lago Titicaca. | |
| 526 | _aSEG44 | ||
| 526 | _aSEG26 | ||
| 526 | _aP159 | ||
| 526 | _aP155 | ||
| 526 | _aP154 | ||
| 526 | _aP153 | ||
| 526 | _aP150 | ||
| 526 | _aP100 | ||
| 526 | _aP31 | ||
| 526 | _aP30 | ||
| 526 | _aP26 | ||
| 526 | _aP25 | ||
| 526 | _aP24 | ||
| 526 | _aP22 | ||
| 526 | _aP15 | ||
| 526 | _aP10 | ||
| 650 | 0 | 4 | _aLago Titicaca (Perú y Bolivia). |
| 700 | 1 | _aAlfaro Tapia, René | |
| 700 | 1 |
_aAparicio Zaavedra, Martha, _eautor. |
|
| 910 |
_bjv _clch _d20110524 |
||
| 942 |
_2ddc _cBOOK |
||
| 949 |
_a574.9298536 G78 _wDEWEY _c1 _i62879 _lCCODEBUL1 _mBUL _p20.00 _r0 _sY _tBOOK _u2015-7-6 _xEDUCACION _zUNKNOWN _0COMPRA _o.STAFF. Colección General |
||
| 994 |
_aC0 _bPEPRU |
||
| 596 | _a1 | ||
| 999 |
_a574.9298536 G78 _wDEWEY _c51907 _i62879 _d51907 _e2019-4-16 _f2021-11-5 _g5 _lCCODEBUL1 _mBUL _n4 _p20.00 _q2 _r0 _sN _tBOOK _u2015-7-6 _xBIBLIOTECA _zUNKNOWN _0COMPRA _o.STAFF. Colección General |
||
| 980 |
_81 _gALBERTO SANCHEZ Responsable de Automatización |
||